Annual report and statements of the Chief of the Bureau of Statistics on the foreign commerce and navigation, immigration, and tonnage of the United States for the fiscal year ending June 30, 1888.

Bibliographic Details
Corporate Authors: United States. Department of the Treasury. Bureau of Statistics, ProQuest (Firm)
Format: Government Document eBook
Language:English
Published: Washington : [publisher not identified], 1888.
Series:United States congressional serial set.
Subjects:
Online Access:Connect to the full text of this electronic book

MARC

Tag First Indicator Second Indicator Subfields
LEADER 00000cam a22000001a 4500
001 in00002792921
005 20190331180334.0
006 m o d
007 cr bn mmmapmmp
008 091224s1888 dcud o f000 0 eng d
035 |a cis2004326856 
040 |a UMI  |c UMI  |d UtOrBLW 
043 |a n-us--- 
086 0 |a T 37.1:888 
099 |a ProQuest Serial Set Number 2647 H.exdoc.6 
110 1 |a United States.  |b Department of the Treasury.  |b Bureau of Statistics. 
245 1 0 |a Annual report and statements of the Chief of the Bureau of Statistics on the foreign commerce and navigation, immigration, and tonnage of the United States for the fiscal year ending June 30, 1888. 
246 1 |a Commerce and navigation of U.S., 1888, with immigration and tonnage 
264 1 |a Washington :  |b [publisher not identified],  |c 1888. 
300 |a 1 online resource. 
336 |a text  |b txt  |2 rdacontent 
337 |a computer  |b c  |2 rdamedia 
338 |a online resource  |b cr  |2 rdacarrier 
490 0 |a H.exdoc.6 
500 |a [Foreign] 
500 |a Record is based on bibliographic data in ProQuest U.S. Serial Set Digital Collection (last viewed Dec. 2009). Reuse except for individual research requires license from ProQuest, LLC. 
510 3 |a ProQuest U.S. Serial Set Digital Collection 
500 |a Electronic resource. 
650 0 |a Emigration and immigration. 
650 0 |a Navigation. 
655 7 |a Electronic books.  |2 local 
710 2 |a ProQuest (Firm) 
830 0 |a United States congressional serial set. 
856 4 0 |u http://proxy.library.tamu.edu/login?url=http://congressional.proquest.com/congcomp/getdoc?SERIAL-SET-ID=2647+H.exdoc.6  |z Connect to the full text of this electronic book  |t 0 
999 |a MARS 
999 f f |s 1511a34d-58a1-3b84-b67d-c884176aa55b  |i ef7dee8b-9fe3-38c8-acfe-d4e4681356ef  |t 0 
952 f f |a Texas A&M University  |b College Station  |c Electronic Resources  |d Available Online  |t 0  |e ProQuest Serial Set Number 2647 H.exdoc.6  |h Other scheme 
998 f f |a ProQuest Serial Set Number 2647 H.exdoc.6  |t 0  |l Available Online